Ein Krieg der Oligarchen
| Titel: | Ein Krieg der Oligarchen : das Tauziehen um die Ukraine / Ulrich Heyden |
|---|---|
| Verfasser: | |
| Veröffentlicht: | Köln : PapyRossa-Verlag, 2015 |
| Umfang: | 173 Seiten ; 20 cm |
| Format: | Buch |
| Sprache: | Deutsch |
| Schriftenreihe/ mehrbändiges Werk: |
Neue kleine Bibliothek ; 207 |
| RVK-Notation: | |
| ISBN: | 9783894385767 |
| Hinweise zum Inhalt: |
Inhaltsverzeichnis
Inhaltstext |
alg: 35893590 001A $06000:14-05-15 001B $01999:19-06-24 $t11:05:12.000 001D $00004:03-06-15 001U $0utf8 001X $00 002@ $0Aau 002C $aText $btxt $2rdacontent 002D $aohne Hilfsmittel zu benutzen $bn $2rdamedia 002E $aBand $bnc $2rdacarrier 003@ $0358935903 003O $0909275685 $aOCoLC 004A $A978-3-89438-576-7 $fkart. : EUR 12.90 (DE), EUR 13.30 (AT), ca. sfr 17.90 (freier Pr.) 004K $09783894385767 006C $0899147798 006G $01063799546 006H $0TOCNEUA1520 $2DNB 006T $015,N01 006U $015,A22 $f20141212 007A $01063799546 $aDNB 009P $qapplication/pdf $A2 $3Inhaltsverzeichnis $uhttp://d-nb.info/1063799546/04 $mB:DE-101 009P $qtext/html $A2 $3Inhaltstext $uhttp://deposit.dnb.de/cgi-bin/dokserv?id=5105342&prov=M&dok_var=1&dok_ext=htm $mX:MVB 010@ $ager 011@ $a2015 017A $asf 021A $aEin @Krieg der Oligarchen $ddas Tauziehen um die Ukraine $hUlrich Heyden 028A $BVerfasser $4aut $7138793972 $8Heyden, Ulrich$Z1954- [Tp3] $921428588X 033A $pKöln $nPapyRossa-Verlag 034D $a173 Seiten 034I $a20 cm 036E $aNeue kleine Bibliothek $l207 036F $x3207 $8Neue kleine Bibliothek $9012588512 $l207 044K $qDNB $RAngriffskrieg $#Ukraine Conflict, 2014- $#Guerre du Donbass (2014-....) $#Ukraine-Krieg $#Krieg in der Ukraine $#Russisch-ukrainischer Konflikt $#Ukrainekonflikt $#Ukraine-Konflikt $#Ukrainekrise $#Ukraine-Krise $#Russischer Überfall auf die Ukraine 2022 $#Krieg im Donbas $#Krieg in der Ost-Ukraine $#Krimkrise $7106969780X $8Russisch-Ukrainischer Krieg [Ts1] $9358075335 045E $c940 $c320 045F $a947.7086 $eDDC22ger 045F/01 $a947.7 045Z $8MG 82086 [Tkv] $941054678X lok: 35893590 24 exp: 35893590 24 1 #EPN 201B/01 $012-06-15 $t08:55:54.000 201C/01 $012-06-15 201U/01 $0utf8 203@/01 $0755406613 208@/01 $a12-06-15 $ba 209A/01 $azur Erwerbung bestellt $f050 $x00 220C/01 $ahae 247C/01 $8358050-7Marburg, Bibliothek des Herder-Instituts Marburg $9102600961 lok: 35893590 205 exp: 35893590 205 1 #EPN 201B/01 $012-07-18 $t15:23:44.000 201C/01 $019-05-15 201U/01 $0utf8 203@/01 $0754523403 208@/01 $a19-05-15 $bz 209A/01 $a001 MG 82086 H615 $db $f000 $x00 209C/01 $anel1506wp 209C/01 $a1 2015/04479 209G/01 $a68600359 $x00 247C/01 $8351000-1 <4>Marburg, Universität Marburg, Universitätsbibliothek $9102594767 exp: 35893590 205 2 #EPN 201B/02 $011-12-15 $t11:12:45.000 201C/02 $007-10-15 201U/02 $0utf8 203@/02 $0761339639 208@/02 $a07-10-15 $bz 209A/02 $a070 8 2015/10702 $du $f000 $x00 209C/02 $a1 2015/07673 209C/02 $anel1512h 209G/02 $a68632919 $x00 247C/02 $8351000-1 <4>Marburg, Universität Marburg, Universitätsbibliothek $9102594767
| LEADER | 00000cam a2200000 c 4500 | ||
|---|---|---|---|
| 001 | 358935903 | ||
| 003 | DE-603 | ||
| 005 | 20240619110512.0 | ||
| 007 | tu | ||
| 008 | 150514s2015 xx |||| | u00||u|ger | ||
| 015 | |a 15,A22 |z 15,N01 |2 dnb | ||
| 016 | 7 | |2 DE-101 |a 1063799546 | |
| 020 | |a 9783894385767 |c kart. : EUR 12.90 (DE), EUR 13.30 (AT), ca. sfr 17.90 (freier Pr.) | ||
| 024 | 3 | |a 9783894385767 | |
| 035 | |a (DE-599)DNB1063799546 | ||
| 035 | |a (OCoLC)909275685 | ||
| 040 | |a DE-603 |b ger |c DE-603 |d DE-603 | ||
| 041 | |a ger | ||
| 082 | 0 | 4 | |8 1\u |a 947.7086 |q DE-101 |2 22/ger |
| 084 | |a 940 |a 320 |q DE-101 |2 sdnb | ||
| 084 | |a MG 82086 |0 (DE-625)122865:12049 |0 (DE-603)41054678X |2 rvk | ||
| 085 | |8 1\u |b 947.7 | ||
| 090 | |a b | ||
| 100 | 1 | |a Heyden, Ulrich |d 1954- |e Verfasser |4 aut |0 (DE-603)21428588X |0 (DE-588)138793972 |2 gnd | |
| 245 | 0 | 0 | |a Ein Krieg der Oligarchen |b das Tauziehen um die Ukraine |c Ulrich Heyden |
| 264 | 1 | |a Köln |b PapyRossa-Verlag |c 2015 | |
| 300 | |a 173 Seiten |c 20 cm | ||
| 336 | |a Text |b txt |2 rdacontent | ||
| 337 | |a ohne Hilfsmittel zu benutzen |b n |2 rdamedia | ||
| 338 | |a Band |b nc |2 rdacarrier | ||
| 490 | 1 | |a Neue kleine Bibliothek |v 207 | |
| 650 | 7 | |a Russisch-Ukrainischer Krieg |0 (DE-588)106969780X |0 (DE-603)358075335 |2 gnd | |
| 830 | 0 | |t Neue kleine Bibliothek |v 207 |w (DE-603)012588512 |w (DE-600)1049266-5 |9 3207 |7 as | |
| 856 | 4 | 2 | |m B:DE-101 |q application/pdf |u http://d-nb.info/1063799546/04 |3 Inhaltsverzeichnis |
| 856 | 4 | 2 | |m X:MVB |q text/html |u http://deposit.dnb.de/cgi-bin/dokserv?id=5105342&prov=M&dok_var=1&dok_ext=htm |3 Inhaltstext |
| 924 | 0 | |9 Mb 50 |a (DE-603)755406613 |b DE-Mb50 |c HES |d c |g zur Erwerbung bestellt | |
| 924 | 0 | |9 4 |a (DE-603)754523403 |b DE-4 |c HES |d c |g 001 MG 82086 H615 | |
| 924 | 0 | |9 4 |a (DE-603)761339639 |b DE-4 |c HES |d c |g 070 8 2015/10702 | |


